<?xml version="1.0" encoding="UTF-8"?>
<record
    xmlns:xsi="http://www.w3.org/2001/XMLSchema-instance"
    xsi:schemaLocation="http://www.loc.gov/MARC21/slim http://www.loc.gov/standards/marcxml/schema/MARC21slim.xsd"
    xmlns="http://www.loc.gov/MARC21/slim">

  <leader>01987nam a22002537a 4500</leader>
  <controlfield tag="003">Uzh_bibl</controlfield>
  <controlfield tag="008">260427b        |||||||| |||| 00| 0 ukr d</controlfield>
  <datafield tag="020" ind1=" " ind2=" ">
    <subfield code="a">978-966-03-7358-7</subfield>
    <subfield code="c">85.00</subfield>
  </datafield>
  <datafield tag="040" ind1=" " ind2=" ">
    <subfield code="b">&#x443;&#x43A;&#x440;.</subfield>
  </datafield>
  <datafield tag="041" ind1=" " ind2=" ">
    <subfield code="2">ukr</subfield>
    <subfield code="a">ukr</subfield>
  </datafield>
  <datafield tag="080" ind1=" " ind2=" ">
    <subfield code="a">821(477)</subfield>
  </datafield>
  <datafield tag="090" ind1=" " ind2=" ">
    <subfield code="a">821(477)</subfield>
    <subfield code="b">&#x41F; 52</subfield>
  </datafield>
  <datafield tag="100" ind1=" " ind2=" ">
    <subfield code="a">&#x41F;&#x43E;&#x43B;&#x43E;&#x436;&#x456;&#x439;, &#x404;&#x432;&#x433;&#x435;&#x43D;</subfield>
  </datafield>
  <datafield tag="245" ind1=" " ind2=" ">
    <subfield code="a">&#x406;&#x43B;&#x43E;&#x432;&#x430;&#x439;&#x441;&#x44C;&#x43A;</subfield>
    <subfield code="c">&#x445;&#x443;&#x434;.-&#x43E;&#x444;&#x43E;&#x440;&#x43C;. &#x412;.&#x410;. &#x411;&#x43E;&#x434;&#x43D;&#x430;&#x440;.</subfield>
    <subfield code="h">&#x422;&#x435;&#x43A;&#x441;&#x442;</subfield>
  </datafield>
  <datafield tag="260" ind1=" " ind2=" ">
    <subfield code="a">&#x425;&#x430;&#x440;&#x43A;&#x456;&#x432;</subfield>
    <subfield code="b">&#x424;&#x43E;&#x43B;&#x456;&#x43E;</subfield>
    <subfield code="c">2016</subfield>
  </datafield>
  <datafield tag="300" ind1=" " ind2=" ">
    <subfield code="a">378 &#x441;.</subfield>
    <subfield code="f">&#x412; &#x43E;&#x43F;&#x440;.</subfield>
  </datafield>
  <datafield tag="520" ind1=" " ind2=" ">
    <subfield code="a">&#x404;&#x432;&#x433;&#x435;&#x43D; &#x41F;&#x43E;&#x43B;&#x43E;&#x436;&#x456;&#x439; (&#x43C;. &#x421;&#x443;&#x43C;&#x438;), 47 &#x440;&#x43E;&#x43A;&#x456;&#x432; - &#x432;&#x456;&#x434;&#x43E;&#x43C;&#x438;&#x439; &#x436;&#x443;&#x440;&#x43D;&#x430;&#x43B;&#x456;&#x441;&#x442; &#x456; &#x43F;&#x438;&#x441;&#x44C;&#x43C;&#x435;&#x43D;&#x43D;&#x438;&#x43A;. &#x423; &#x432;&#x438;&#x434;&#x430;&#x432;&#x43D;&#x438;&#x446;&#x442;&#x432;&#x456; "&#x424;&#x43E;&#x43B;&#x456;&#x43E;" &#x432;&#x438;&#x439;&#x448;&#x43B;&#x438; &#x439;&#x43E;&#x433;&#x43E; &#x440;&#x43E;&#x43C;&#x430;&#x43D;&#x438; "&#x41F;&#x43E;&#x442;&#x44F;&#x433;", "&#x41C;&#x435;&#x440;&#x456; &#x442;&#x430; &#x457;&#x457; &#x430;&#x435;&#x440;&#x43E;&#x43F;&#x43E;&#x440;&#x442;", "&#x414;&#x44F;&#x434;&#x435;&#x447;&#x43A;&#x43E; &#x43D;&#x430; &#x456;&#x43C;'&#x44F; &#x411;&#x43E;&#x433;", "&#x412;&#x435;&#x436;&#x456; &#x43C;&#x43E;&#x432;&#x447;&#x430;&#x43D;&#x43D;&#x44F;", "&#x42E;&#x440;&#x456;&#x439; &#x42E;&#x440;&#x456;&#x439;&#x43E;&#x432;&#x438;&#x447;, &#x443;&#x43B;&#x44E;&#x431;&#x43B;&#x438;&#x43D;&#x435;&#x446;&#x44C; &#x436;&#x456;&#x43D;&#x43E;&#x43A;", "&#x420;&#x438;&#x431;'&#x44F;&#x447;&#x456; &#x434;&#x456;&#x442;&#x438;". "&#x406;&#x43B;&#x43E;&#x432;&#x430;&#x439;&#x441;&#x44C;&#x43A;" - &#x43A;&#x43D;&#x438;&#x433;&#x430; &#x43F;&#x440;&#x43E; &#x43C;&#x443;&#x436;&#x43D;&#x456;&#x441;&#x442;&#x44C; &#x43D;&#x435;&#x439;&#x43C;&#x43E;&#x432;&#x456;&#x440;&#x43D;&#x438;&#x439; &#x433;&#x435;&#x440;&#x43E;&#x457;&#x437;&#x43C; &#x456; &#x43B;&#x44E;&#x434;&#x44F;&#x43D;&#x456;&#x441;&#x442;&#x44C; &#x443;&#x43A;&#x440;&#x430;&#x457;&#x43D;&#x441;&#x44C;&#x43A;&#x438;&#x445; &#x441;&#x43E;&#x43B;&#x434;&#x430;&#x442; &#x456; &#x43E;&#x444;&#x456;&#x446;&#x435;&#x440;&#x456;&#x432;, &#x431;&#x456;&#x439;&#x446;&#x456;&#x432; &#x434;&#x43E;&#x431;&#x440;&#x43E;&#x432;&#x43E;&#x43B;&#x44C;&#x447;&#x438;&#x445; &#x431;&#x430;&#x442;&#x430;&#x43B;&#x44C;&#x439;&#x43E;&#x43D;&#x456;&#x432;, &#x431;&#x430;&#x442;&#x430;&#x43B;&#x44C;&#x439;&#x43E;&#x43D;&#x456;&#x432; &#x442;&#x435;&#x440;&#x43E;&#x431;&#x43E;&#x440;&#x43E;&#x43D;&#x438;, &#x432;&#x441;&#x456;&#x445; &#x442;&#x438;&#x445;, &#x445;&#x442;&#x43E; &#x43E;&#x43F;&#x438;&#x43D;&#x44F;&#x454;&#x442;&#x44C;&#x441;&#x44F; &#x432; &#x43A;&#x456;&#x43D;&#x446;&#x456; &#x441;&#x435;&#x440;&#x43F;&#x43D;&#x44F; 2014 &#x440;&#x43E;&#x43A;&#x443; &#x432; "&#x406;&#x43B;&#x43E;&#x432;&#x430;&#x439;&#x441;&#x44C;&#x43A;&#x43E;&#x43C;&#x443; &#x43A;&#x43E;&#x442;&#x43B;&#x456;", &#x449;&#x43E; &#x441;&#x442;&#x430;&#x432; &#x43D;&#x430;&#x439;&#x431;&#x456;&#x43B;&#x44C;&#x448;&#x43E;&#x44E; &#x43F;&#x43E;&#x440;&#x430;&#x437;&#x43A;&#x43E;&#x44E; &#x443;&#x43A;&#x440;&#x430;&#x457;&#x43D;&#x441;&#x44C;&#x43A;&#x43E;&#x457; &#x430;&#x440;&#x43C;&#x456;&#x457; &#x432; &#x445;&#x43E;&#x434;&#x456; &#x432;&#x456;&#x439;&#x43D;&#x438; &#x43D;&#x430; &#x441;&#x445;&#x43E;&#x434;&#x456;. &#x426;&#x435; &#x447;&#x435;&#x441;&#x43D;&#x430; &#x43A;&#x43D;&#x438;&#x433;&#x430; &#x43F;&#x440;&#x43E; &#x432;&#x456;&#x439;&#x43D;&#x443;, &#x44F;&#x43A;&#x430;, &#x44F;&#x43A; &#x432;&#x456;&#x434;&#x43E;&#x43C;&#x43E;, &#x43D;&#x456;&#x43A;&#x43E;&#x433;&#x43E; &#x449;&#x435; &#x43D;&#x435; &#x437;&#x440;&#x43E;&#x431;&#x438;&#x43B;&#x430; &#x43A;&#x440;&#x430;&#x449;&#x435;, &#x43D;&#x430;&#x442;&#x43E;&#x43C;&#x456;&#x441;&#x442;&#x44C;, &#x441;&#x435;&#x440;&#x435;&#x434; &#x43A;&#x440;&#x43E;&#x432;&#x456;, &#x432;&#x43E;&#x433;&#x43D;&#x44E; &#x442;&#x430; &#x437;&#x430;&#x43B;&#x456;&#x437;&#x430; &#x43B;&#x44E;&#x434;&#x438; &#x437;&#x430;&#x43B;&#x438;&#x448;&#x430;&#x44E;&#x442;&#x44C;&#x441;&#x44F; &#x43B;&#x44E;&#x434;&#x44C;&#x43C;&#x438;</subfield>
  </datafield>
  <datafield tag="521" ind1=" " ind2=" ">
    <subfield code="a">&#x414;&#x43B;&#x44F; &#x448;&#x438;&#x440;&#x43E;&#x43A;&#x43E;&#x433;&#x43E; &#x43A;&#x43E;&#x43B;&#x430; &#x447;&#x438;&#x442;&#x430;&#x447;&#x456;&#x432;</subfield>
  </datafield>
  <datafield tag="546" ind1=" " ind2=" ">
    <subfield code="a">&#x443;&#x43A;&#x440;.</subfield>
  </datafield>
  <datafield tag="650" ind1=" " ind2=" ">
    <subfield code="a">&#x41B;&#x456;&#x442;&#x435;&#x440;&#x430;&#x442;&#x443;&#x440;&#x43D;&#x43E;-&#x445;&#x443;&#x434;&#x43E;&#x436;&#x43D;&#x454; &#x432;&#x438;&#x434;&#x430;&#x43D;&#x43D;&#x44F;</subfield>
  </datafield>
  <datafield tag="653" ind1=" " ind2=" ">
    <subfield code="a">&#x41C;&#x430;&#x439;&#x434;&#x430;&#x43D;</subfield>
    <subfield code="a">&#x412;&#x456;&#x439;&#x43D;&#x430;</subfield>
    <subfield code="a">&#x406;&#x43B;&#x43E;&#x432;&#x430;&#x439;&#x441;&#x44C;&#x43A;</subfield>
  </datafield>
  <datafield tag="655" ind1=" " ind2=" ">
    <subfield code="a">&#x41F;&#x440;&#x43E;&#x437;&#x430;</subfield>
    <subfield code="v">&#x420;&#x43E;&#x43C;&#x430;&#x43D;</subfield>
    <subfield code="y">21&#x441;&#x442;. &#x423;&#x43A;&#x440;&#x430;&#x457;&#x43D;&#x430;</subfield>
  </datafield>
  <datafield tag="942" ind1=" " ind2=" ">
    <subfield code="2">udc</subfield>
    <subfield code="c">BK</subfield>
  </datafield>
  <datafield tag="999" ind1=" " ind2=" ">
    <subfield code="c">17531</subfield>
    <subfield code="d">17531</subfield>
  </datafield>
  <datafield tag="952" ind1=" " ind2=" ">
    <subfield code="0">0</subfield>
    <subfield code="1">0</subfield>
    <subfield code="2">udc</subfield>
    <subfield code="4">0</subfield>
    <subfield code="7">0</subfield>
    <subfield code="a">F5</subfield>
    <subfield code="b">F5</subfield>
    <subfield code="c">ABP</subfield>
    <subfield code="d">2026-04-27</subfield>
    <subfield code="i">67773</subfield>
    <subfield code="l">0</subfield>
    <subfield code="o">821(477)</subfield>
    <subfield code="p">4168</subfield>
    <subfield code="r">2026-04-27</subfield>
    <subfield code="w">2026-04-27</subfield>
    <subfield code="y">BK</subfield>
  </datafield>
</record>
